مكتبة جامعة عجلون الوطنية

فهرس بحث المكتبة

Normal view MARC view
  • العلاقات الانسانية - المهارات القيادية - الالتزام التنظيمي- الاداء التدريسي

Entry Topical Term

Number of records used in: 1

001 - CONTROL NUMBER

  • control field: 60573

003 - CONTROL NUMBER IDENTIFIER

  • control field: JO-AjAnu

005 - DATE AND TIME OF LATEST TRANSACTION

  • control field: 20230606083912.0

008 - FIXED-LENGTH DATA ELEMENTS

  • fixed length control field: 230606|| aca||aabn | a|a d

040 ## - CATALOGING SOURCE

  • Original cataloging agency: JO-AjAnu
  • Transcribing agency: JO-AjAnu

150 ## - HEADING--TOPICAL TERM

  • Topical term or geographic name entry element: العلاقات الانسانية - المهارات القيادية - الالتزام التنظيمي- الاداء التدريسي

670 ## - SOURCE DATA FOUND

  • Source citation: Work cat.: (JO-AjAnu)30889: البابطين، عبد الرحمن بن عبد الوهاب بن سعود, author 60572, دراسات في القيادة التربوية الجامعية